000 01353nam a22003137i 4500
999 _c172247
_d172247
003 PPAK
005 20190418100627.0
008 190417s2013 enk |||e |||| 00| 1beng d
020 _a9781471111730
_qpaperback
040 _aPPAK
_beng
_cPPAK
_erda
082 0 4 _223
_a823.92
090 0 0 _a823.92
_bMCK
_dG
100 1 _aMckenzie, Sophie,
_eauthor.
245 1 0 _aCLOSE MY EYES /
_cSOPHIE MCKENZIE
264 1 _aLondon :
_bSimon & Schuster,
_c2013
300 _a391 pages :
_c20 cm
336 _2rdacontent
_atext
337 _2rdamedia
_aunmediated
338 _2rdacarrier
_avolume
520 _aIt's been eight years since Geniver Loxley lost her daughter, Beth. Since that day, Gen has been floundering. While her husband Art builds his business reputation and their fortune, she can't let go of Beth. And then one day, everything changes. A strange woman shows up on Gen's doorstep, saying the very thing she longs to hear: that Beth is alive. That she is out there somewhere, waiting for Gen to find her ... It's insane. Unthinkable. But why would someone make up such a story?
650 1 0 _aEnglish fiction
650 1 0 _aMothers and daughters
_vFiction
650 1 0 _aSecrecy
_vFiction
650 1 0 _aMothers and daughters
655 7 _aThrillers (Fiction)
655 7 _aFiction
655 7 _aPsychological fiction
942 _2ddc
_cB